Flora melífera de las regiones pampeana austral y Patagonia extra-andina /

Guardado en:
Autor Principal: Forcone, Alicia.
Otros Autores: Andrada, Ana Cristina.
Formato: Libro
Idioma:Spanish
Publicado: Bahía Blanca : EdiUNS, 2006.
Etiquetas: Agregar Etiqueta
Sin Etiquetas, Sea el primero en etiquetar este registro!
LEADER 00507nam a22001455a 4500
001 EEA.libagro007796
005 20180418120835.0
008 130809s2006####ag#a##########000#0#spa#d
082 0 4 |a 638.1 
100 1 |a Forcone, Alicia. 
245 1 0 |a Flora melífera de las regiones pampeana austral y Patagonia extra-andina /  |c Alicia Forcone, Ana Andrada. 
260 |a Bahía Blanca :  |b EdiUNS,  |c 2006. 
300 |a 173 p. :  |b il. ;  |c 23 cm. 
700 1 |a Andrada, Ana Cristina. 
859 |a AR-BbBCA  |b BIB. AGRONOMIA  |h 638.1  |i F698  |p 2007/5185